000
002530000a22000970004500
100
1
_a
Berger, Klaus
245
1
0
_a
Jesus als Nasoräer / Nasiräer
300
_a
Vol. 38, Num. 4 (Octubre, 1996), Páginas 323-335
773
0
_t
Novum Testamentum
942
_c
ANA
999
_c
56933
_d
56933